[Event "Monza e Brianza Province-ch"]
[Site "Ceriano Laghetto"]
[Date "2015.02.17"]
[Round "5"]
[White "Frigerio, Roberto"]
[Black "Modica, Antonino"]
[Result "1-0"]
[WhiteElo "1703"]
[BlackElo "1464"]
[PlyCount "67"]
[EventDate "2015.01.20"]
[EventType "swiss"]
[EventRounds "6"]
[EventCountry "ITA"]
[SourceTitle "EXT 2017"]
[Source "ChessBase"]
[SourceDate "2016.10.25"]
[SourceVersion "1"]
[SourceVersionDate "2016.10.25"]
[SourceQuality "1"]

1. e4 c5 2. Nf3 e6 3. d4 cxd4 4. Nxd4 a6 5. Nc3 Bc5 6. Nb3 Ba7 7. Bd3 Nc6 8. Qg4 Nf6 9. Qe2 Qc7 10. Be3 Bb8 11. Na4 Ba7 12. Bxa7 Rxa7 13. Qe3 b5 14. Nc3 0-0 15. 0-0-0 d6 16. Be2 b4 17. Nb1 a5 18. Bb5 Bd7 19. Bxc6 Bxc6 20. Nd4 Rfa8 21. Nd2 a4 22. Nc4 Bxe4 23. Nxd6 Qxd6 24. Nb5 Qc6 25. Qe2 Qa6 26. Rd6 Qb7 27. Nxa7 Qxa7 28. Rhd1 Rc8 29. Rd8+ Ne8 30. Rxc8 Kf8 31. Qxe4 b3 32. Qb4+ Qe7 33. Qxe7+ Kxe7 34. cxb3 1-0

[Event "Monza e Brianza Province-ch"]
[Site "Ceriano Laghetto"]
[Date "2015.01.20"]
[Round "1"]
[White "Modica, Antonino"]
[Black "Pino, Nicola"]
[Result "0-1"]
[WhiteElo "1464"]
[BlackElo "1707"]
[PlyCount "62"]
[EventDate "2015.01.20"]
[EventType "swiss"]
[EventRounds "6"]
[EventCountry "ITA"]
[SourceTitle "EXT 2017"]
[Source "ChessBase"]
[SourceDate "2016.10.25"]
[SourceVersion "1"]
[SourceVersionDate "2016.10.25"]
[SourceQuality "1"]

1. f4 d5 2. Nf3 Nc6 3. e3 Bg4 4. Bb5 Qd6 5. 0-0 e6 6. d4 Nf6 7. Nbd2 Ne4 8. Qe1 Be7 9. Bxc6+ Qxc6 10. Ne5 Qxc2 11. Nxg4 Bb4 12. a3 Bxd2 13. Bxd2 Qxd2 14. Qxd2 Nxd2 15. Rf2 Ne4 16. Rc2 c6 17. b4 a6 18. a4 f6 19. Nf2 Nxf2 20. Rxf2 Kd7 21. f5 exf5 22. Rxf5 Rhe8 23. Re1 Re4 24. Rf4 Re6 25. Rg4 g5 26. e4 dxe4 27. Rgxe4 Rae8 28. Rxe6 Rxe6 29. Rxe6 Kxe6 30. Kf2 Kd5 31. Ke3 Kc4 0-1